01230nam a2200205 a 4500020002700000020003000027082001700057100002000074245003700094260004000131300001100171490003300182520056300215650002700778700002100805856007000826942000700896999001500903952010600918 a0632025891 (paperback) a9780632025893 (paperback) a543.0014 FRE1 aFreiser, Henry.10aCompendium of analytical nomen / a[S.l.] :bBlackwell Science,c1998. a288 p.1 aIupac chemical nomenclature. aThis compendium will be invaluable to all who need to use the officially recommended analytical nomenclature adopted by the International Union of Pure and Applied Chemistry. Prior to 1977, these recommendations were only available in the individual reports as they appeared, from time to time in the IUPAC journal, Pure and Applied Chemistry. The present work is a revision and extension of the first edition of the Compendium, published in 1978, and includes the additional nomenclature reports which have been finalized and/or updated by IUPAC since 1977. a chemical nomenclature1 aNancollas, G. H.40uhttp://www.amazon.com/exec/obidos/ASIN/0632025891/chopaconline-20 cBK c1086d1086 0010708NFICaICbICcGENd2015-06-13l0o543.0014 FREp001921r2015-06-13 00:00:00w2015-06-13yREF